[Event "Chigorin Memorial 30th"]
[Site "St Petersburg"]
[Date "2023.10.28"]
[Round "8"]
[White "Kurchenko, Egor"]
[Black "Khafizova, Diana"]
[Result "1/2-1/2"]
[WhiteElo "2195"]
[BlackElo "1909"]
[PlyCount "107"]
[EventDate "2023.10.21"]
[EventType "swiss"]
[EventRounds "9"]
[EventCountry "RUS"]
[SourceTitle "Mega2024 Update 01"]
[Source "Chessbase"]
[SourceDate "2023.11.12"]
[SourceVersion "1"]
[SourceVersionDate "2023.11.12"]
[SourceQuality "1"]

1. e4 e6 2. d4 d5 3. e5 c5 4. c3 Nc6 5. Nf3 Qb6 6. Bd3 cxd4 7. 0-0 Bd7 8. Re1 Nge7 9. h4 h6 10. Nbd2 Nf5 11. Nb3 Be7 12. Bxf5 exf5 13. Nfxd4 Nxd4 14. Nxd4 0-0 15. h5 Bc5 16. Be3 f4 17. Bxf4 Qxb2 18. Qd3 Bxd4 19. cxd4 Qb6 20. Rab1 Qa6 21. Qb3 Qe6 22. Qxb7 Qg4 23. Rb3 Qxf4 24. Qxd7 Qxd4 25. Qf5 Rae8 26. Rg3 Re6 27. Rg4 Qb6 28. Re3 g6 29. Rf3 g5 30. Rfg3 Kh8 31. Kh2 Qb8 32. f4 gxf4 33. Rxf4 Qxe5 34. Qg4 Qg5 35. Qf3 Qd8 36. Qc3+ d4 37. Rxd4 Qf6 38. Qc5 Rfe8 39. Rf3 Qe5+ 40. Qxe5+ Rxe5 41. Rxf7 Rxh5+ 42. Kg1 a5 43. Rd6 Kg8 44. Ra7 Rg5 45. Rb6 Rd8 46. a3 Rc8 47. Re6 Rd8 48. Kh2 Rh5+ 49. Kg3 Rg5+ 50. Kf3 Rf8+ 51. Ke3 Rxg2 52. Rxa5 Kg7 53. Raa6 h5 54. Re7+ 1/2-1/2

[Event "Chigorin Memorial 30th"]
[Site "St Petersburg"]
[Date "2023.10.26"]
[Round "6"]
[White "Meshcheriakova, Emiliia"]
[Black "Khafizova, Diana"]
[Result "1/2-1/2"]
[WhiteElo "1674"]
[BlackElo "1909"]
[PlyCount "149"]
[EventDate "2023.10.21"]
[EventType "swiss"]
[EventRounds "9"]
[EventCountry "RUS"]
[SourceTitle "Mega2024 Update 01"]
[Source "Chessbase"]
[SourceDate "2023.11.12"]
[SourceVersion "1"]
[SourceVersionDate "2023.11.12"]
[SourceQuality "1"]

1. e4 e6 2. d4 d5 3. Nd2 c5 4. exd5 Qxd5 5. dxc5 Bxc5 6. Ngf3 Nf6 7. Bc4 Qc6 8. Qe2 a6 9. 0-0 0-0 10. a3 b5 11. Bd3 Bb7 12. b4 Bd6 13. c4 bxc4 14. Nxc4 Bc7 15. Bb2 Nbd7 16. Rac1 Qd5 17. Ncd2 Bf4 18. Rfd1 Qh5 19. Rc4 Bxd2 20. Rxd2 Bd5 21. Rcc2 a5 22. b5 Rfd8 23. Bc4 Bxf3 24. Qxf3 Qxf3 25. gxf3 Nb6 26. Bd3 Rd5 27. Bxf6 gxf6 28. Be4 Rg5+ 29. Kf1 Rb8 30. Bc6 Rh5 31. Kg2 Kh8 32. Rd4 f5 33. Kh1 e5 34. Rd1 Rh4 35. Rc5 f6 36. Rd6 Kg7 37. Bd5 Nxd5 38. Rdxd5 Ra4 39. Rd7+ Kg6 40. Rcc7 f4 41. Rxh7 Rxa3 42. Rhg7+ Kf5 43. Kg2 Rxb5 44. Rb7 Rxb7 45. Rxb7 Rd3 46. Ra7 Rd5 47. Ra6 Kg5 48. Ra8 f5 49. Rg8+ Kf6 50. Rf8+ Ke6 51. Ra8 e4 52. fxe4 fxe4 53. Re8+ Kf5 54. Rf8+ Ke5 55. Re8+ Kd4 56. Rf8 f3+ 57. Kg3 Kd3 58. h4 Rd6 59. Ra8 Rg6+ 60. Kf4 Ke2 61. Rxa5 Kxf2 62. Kxe4 Kg2 63. Kf5 Rb6 64. h5 f2 65. Ra1 f1Q+ 66. Rxf1 Kxf1 67. Kg5 Kg2 68. h6 Rb1 69. Kg6 Kg3 70. Kg7 Rb7+ 71. Kg6 Kg4 72. h7 Rb8 73. Kg7 Kg5 74. h8Q Rxh8 75. Kxh8 1/2-1/2

[Event "Chigorin Memorial 30th"]
[Site "St Petersburg"]
[Date "2023.10.24"]
[Round "4"]
[White "Khafizova, Diana"]
[Black "Efimov, Leonid"]
[Result "0-1"]
[WhiteElo "1909"]
[BlackElo "2080"]
[PlyCount "154"]
[EventDate "2023.10.21"]
[EventType "swiss"]
[EventRounds "9"]
[EventCountry "RUS"]
[SourceTitle "Mega2024 Update 01"]
[Source "Chessbase"]
[SourceDate "2023.11.12"]
[SourceVersion "1"]
[SourceVersionDate "2023.11.12"]
[SourceQuality "1"]

1. d4 d5 2. c4 e6 3. Nf3 Nf6 4. g3 Bb4+ 5. Bd2 a5 6. Bg2 0-0 7. 0-0 dxc4 8. Bxb4 axb4 9. Ne5 Nc6 10. Nxc6 bxc6 11. Bxc6 Rb8 12. a3 Qd6 13. Bf3 Rd8 14. e3 c3 15. bxc3 b3 16. a4 Ba6 17. Be2 Bb7 18. Qxb3 Bg2 19. Qa3 Bxf1 20. Qxd6 cxd6 21. Kxf1 Ne4 22. Bd3 Nxc3 23. Nxc3 Rb3 24. Bxh7+ Kxh7 25. Ne4 Kg6 26. a5 Kf5 27. Nd2 Rb4 28. a6 Ra8 29. Ra5+ Kf6 30. Ne4+ Ke7 31. Nc3 Rb6 32. a7 Rb7 33. Nb5 d5 34. Kg2 Kd7 35. h4 Kc6 36. Nc3 Raxa7 37. Rc5+ Kd7 38. e4 dxe4 39. Nxe4 Rb4 40. Ng5 f6 41. Nf3 Ra2 42. Rc1 Kd6 43. g4 Rbb2 44. Rf1 Kd5 45. g5 Ke4 46. Kg3 Re2 47. gxf6 gxf6 48. Ng1 Red2 49. h5 Rxd4 50. Re1+ Kf5 51. Ne2 Re4 52. Kf3 Ra3+ 53. Kg2 Kg5 54. Rg1 Rg4+ 55. Ng3 f5 56. Kh1 Rh4+ 57. Kg2 f4 58. Ne4+ Kxh5 59. Re1 Kg4 60. f3+ Rxf3 61. Nf6+ Kf5 62. Kxf3 Kxf6 63. Ke4 e5 64. Ra1 Rh3 65. Ra6+ Kg5 66. Kxe5 Re3+ 67. Kd4 Kg4 68. Rg6+ Kf3 69. Rh6 Re7 70. Rd6 Kg2 71. Rg6+ Kf2 72. Kd3 f3 73. Rd6 Ke1 74. Ra6 Kf1 75. Ra5 f2 76. Ra8 Rg7 77. Ra2 Kg1 0-1

[Event "Wch U14 Girls blitz"]
[Site "Batumi"]
[Date "2023.06.11"]
[Round "9"]
[White "Khafizova, Diana"]
[Black "Krkyasharyan, Sona"]
[Result "1/2-1/2"]
[WhiteElo "1887"]
[BlackElo "1482"]
[PlyCount "121"]
[EventDate "2023.06.10"]
[EventType "swiss (blitz)"]
[EventRounds "11"]
[EventCountry "GEO"]
[SourceTitle "EXT 2024"]
[Source "ChessBase"]
[SourceDate "2023.10.10"]
[SourceVersion "1"]
[SourceVersionDate "2023.10.10"]
[SourceQuality "1"]
[WhiteTeam "Russia"]
[BlackTeam "Armenia"]
[WhiteTeamCountry "RUS"]
[BlackTeamCountry "ARM"]

1. d4 d5 2. Nf3 Nf6 3. g3 c6 4. Bg2 Bf5 5. 0-0 e6 6. c4 Be7 7. cxd5 cxd5 8. Qb3 Qc8 9. Bf4 Nc6 10. Rc1 0-0 11. Nc3 Nh5 12. Bd2 Nf6 13. Na4 Ne4 14. Bf4 Qd7 15. Ne5 Nxe5 16. Bxe5 Rfc8 17. Bf4 Rxc1+ 18. Rxc1 Rc8 19. Nc3 Nxc3 20. bxc3 h6 21. c4 Rxc4 22. Rxc4 dxc4 23. Qxc4 Bf6 24. e4 Bg6 25. d5 exd5 26. exd5 Bf5 27. Be3 b6 28. Bf4 Be7 29. Qc7 Bc5 30. Qxd7 Bxd7 31. Be3 Bxe3 32. fxe3 Kf8 33. e4 Ke7 34. Kf2 Kd6 35. Ke3 f6 36. Kd4 Bg4 37. Bf1 a5 38. Kc4 Bd7 39. Bd3 b5+ 40. Kd4 Be8 41. h4 b4 42. Bc2 Bb5 43. Bd1 Bd7 44. g4 Bb5 45. g5 hxg5 46. hxg5 Ba6 47. Ba4 Be2 48. Bc2 Ba6 49. gxf6 gxf6 50. Bd3 Bc8 51. Bb5 Bg4 52. Bd3 Bd1 53. Kc4 Ba4 54. Be2 Bd7 55. Kd4 Be8 56. Ba6 Ba4 57. Bc4 Bd7 58. Bb3 Bb5 59. Bc4 Ba4 60. Bd3 Bd7 61. Bc4 1/2-1/2

[Event "Wch U14 Girls blitz"]
[Site "Batumi"]
[Date "2023.06.10"]
[Round "5"]
[White "Gaszka, Zuzanna"]
[Black "Khafizova, Diana"]
[Result "0-1"]
[WhiteElo "1689"]
[BlackElo "1887"]
[PlyCount "116"]
[EventDate "2023.06.10"]
[EventType "swiss (blitz)"]
[EventRounds "11"]
[EventCountry "GEO"]
[SourceTitle "EXT 2024"]
[Source "ChessBase"]
[SourceDate "2023.10.10"]
[SourceVersion "1"]
[SourceVersionDate "2023.10.10"]
[SourceQuality "1"]
[WhiteTeam "Poland"]
[BlackTeam "Russia"]
[WhiteTeamCountry "POL"]
[BlackTeamCountry "RUS"]

1. e4 c6 2. d4 d5 3. Nc3 dxe4 4. Nxe4 Nf6 5. Nxf6+ exf6 6. c3 Bd6 7. Bd3 0-0 8. Ne2 Qc7 9. h3 c5 10. 0-0 Nc6 11. dxc5 Bxc5 12. Bf4 Qb6 13. Ng3 Be6 14. Qh5 g6 15. Qf3 Ne5 16. Bxe5 fxe5 17. Qf6 Qd8 18. Qxd8 Raxd8 19. Ne4 Be7 20. Rfd1 f5 21. Ng3 Rd6 22. Bc2 Rfd8 23. Re1 e4 24. Ne2 Bf6 25. Bb3 Bxb3 26. axb3 a6 27. Kf1 Rd2 28. Rab1 Rc2 29. Red1 Rxd1+ 30. Rxd1 Rxb2 31. b4 Kf7 32. g3 Ke8 33. Rd6 Bd8 34. Nf4 Bc7 35. Rd4 Bxf4 36. gxf4 Ke7 37. Kg2 b5 38. Rd5 Rc2 39. Rc5 Kd7 40. Rd5+ Ke6 41. Rc5 Kf6 42. Rc6+ Kg7 43. Rxa6 e3 44. Ra7+ Kh6 45. Kf1 Rxf2+ 46. Ke1 Rxf4 47. Re7 Rf3 48. h4 e2 49. Kxe2 Rxc3 50. Re5 Rc4 51. Rxb5 Rxh4 52. Kf2 Kg5 53. Rb7 h5 54. b5 Rh2+ 55. Kg1 Rb2 56. b6 h4 57. Rb8 Kg4 58. b7 g5 0-1

[Event "Wch U14 Girls blitz"]
[Site "Batumi"]
[Date "2023.06.10"]
[Round "6"]
[White "Khafizova, Diana"]
[Black "Mgeladze, Kesaria"]
[Result "0-1"]
[WhiteElo "1887"]
[BlackElo "1712"]
[PlyCount "94"]
[EventDate "2023.06.10"]
[EventType "swiss (blitz)"]
[EventRounds "11"]
[EventCountry "GEO"]
[SourceTitle "EXT 2024"]
[Source "ChessBase"]
[SourceDate "2023.10.10"]
[SourceVersion "1"]
[SourceVersionDate "2023.10.10"]
[SourceQuality "1"]
[WhiteTeam "Russia"]
[BlackTeam "Georgia"]
[WhiteTeamCountry "RUS"]
[BlackTeamCountry "GEO"]

1. d4 Nf6 2. Nf3 g6 3. g3 Bg7 4. Bg2 0-0 5. 0-0 d6 6. c4 c5 7. d5 b5 8. cxb5 a6 9. bxa6 Bxa6 10. Nc3 Nbd7 11. Re1 Qb6 12. e4 Ng4 13. h3 Nge5 14. Nxe5 Nxe5 15. Bf1 Bxf1 16. Rxf1 c4 17. Be3 Qxb2 18. Ne2 Qxa1 19. Qxa1 Nf3+ 20. Kg2 Bxa1 21. Rxa1 Ne5 22. a4 Rfb8 23. Bd4 Nd3 24. a5 Ra6 25. Ra4 Rb4 26. Ra2 Rb1 27. g4 Ne1+ 28. Kg3 Rb3+ 29. Bc3 Nd3 30. f3 Nc1 31. Nxc1 Rxc3 32. Ra1 Rc2 33. h4 c3 34. h5 Rb2 35. Nd3 Rb3 36. Nc1 Rb5 37. Ra3 Rc5 38. hxg6 hxg6 39. Nb3 c2 40. Ra1 Rc3 41. Nc1 Rc5 42. Nb3 Rb5 43. Nd4 Rbxa5 44. Rc1 Ra4 45. Nxc2 Rc4 46. Kf4 Ra2 47. Nb4 Rxb4 0-1

[Event "Wch U14 Girls rapid"]
[Site "Batumi"]
[Date "2023.06.08"]
[Round "10"]
[White "Khafizova, Diana"]
[Black "Zubkovskaya, Ekaterina"]
[Result "1/2-1/2"]
[WhiteElo "1639"]
[BlackElo "1547"]
[PlyCount "97"]
[EventDate "2023.06.06"]
[EventType "swiss (rapid)"]
[EventRounds "11"]
[EventCountry "GEO"]
[SourceTitle "EXT 2024"]
[Source "ChessBase"]
[SourceDate "2023.10.10"]
[SourceVersion "1"]
[SourceVersionDate "2023.10.10"]
[SourceQuality "1"]
[WhiteTeam "FIDE"]
[BlackTeam "FIDE"]

1. d4 d5 2. Nf3 Nf6 3. Bf4 Nc6 4. e3 Bg4 5. Nbd2 e6 6. c4 Bb4 7. Be2 Ne4 8. 0-0 Bxf3 9. Nxf3 Bd6 10. Bxd6 Qxd6 11. c5 Qe7 12. Bb5 f6 13. Bxc6+ bxc6 14. Ne1 0-0 15. Nd3 a5 16. Qa4 Qd7 17. h4 Rfb8 18. Kh2 f5 19. Qc2 Qe7 20. g3 Nf6 21. Ne5 Ng4+ 22. Nxg4 fxg4 23. b3 Rf8 24. e4 Rf3 25. Rae1 Qf6 26. exd5 exd5 27. Qd2 Rf8 28. Kg2 h6 29. Re3 Qf5 30. Kg1 Qg6 31. Qe2 Qf6 32. Rxf3 gxf3 33. Qd3 Qe6 34. Rd1 Qg4 35. Re1 Qh3 36. Qf1 Qg4 37. Qd3 Qh3 38. Qf1 Qf5 39. Kh2 Qc2 40. Kg1 Qd2 41. Rd1 Qxa2 42. Qd3 a4 43. bxa4 Qxa4 44. Re1 Qb4 45. Re3 Qa4 46. Re1 Qb4 47. Re3 Qa4 48. Re1 Qb4 49. Re3 1/2-1/2

[Event "Wch U14 Girls rapid"]
[Site "Batumi"]
[Date "2023.06.07"]
[Round "6"]
[White "Ho, Ngoc Vy"]
[Black "Khafizova, Diana"]
[Result "0-1"]
[WhiteElo "1430"]
[BlackElo "1639"]
[PlyCount "120"]
[EventDate "2023.06.06"]
[EventType "swiss (rapid)"]
[EventRounds "11"]
[EventCountry "GEO"]
[SourceTitle "EXT 2024"]
[Source "ChessBase"]
[SourceDate "2023.10.10"]
[SourceVersion "1"]
[SourceVersionDate "2023.10.10"]
[SourceQuality "1"]
[WhiteTeam "Vietnam"]
[BlackTeam "FIDE"]
[WhiteTeamCountry "VIE"]

1. d4 Nf6 2. c4 d6 3. Nf3 Nbd7 4. g3 e5 5. Bg2 g6 6. 0-0 Bg7 7. Nc3 0-0 8. e4 exd4 9. Nxd4 Re8 10. Re1 Nc5 11. b3 c6 12. Bb2 a5 13. a3 Qb6 14. Rb1 Ng4 15. Ba1 Ne5 16. b4 axb4 17. axb4 Rxa1 18. Rxa1 Ncd3 19. Rf1 Qxd4 20. Ne2 Qxc4 21. Rb1 Rd8 22. Qd2 Bh3 23. Qe3 Bxg2 24. Kxg2 d5 25. exd5 Qxd5+ 26. f3 Nc4 27. Qa7 Re8 28. Nf4 Nxf4+ 29. gxf4 Ne3+ 30. Kg3 Nxf1+ 31. Rxf1 g5 32. Qxb7 gxf4+ 33. Kg2 h5 34. Qc7 Be5 35. Qb6 Bd4 36. Qa6 Qb5 37. Qxb5 cxb5 38. Rd1 Re2+ 39. Kh3 Be3 40. Rd5 Rf2 41. Rxh5 Rxf3+ 42. Kg4 Rf2 43. Rxb5 Rxh2 44. Rf5 Rg2+ 45. Kf3 Rg3+ 46. Ke4 Rg1 47. b5 Rb1 48. Rd5 Kg7 49. Rg5+ Kf6 50. Rf5+ Kg6 51. Rd5 f5+ 52. Ke5 f3 53. Rd6+ Kg5 54. Rd8 Rxb5+ 55. Ke6 f2 56. Rg8+ Kf4 57. Rh8 f1Q 58. Rh4+ Kg5 59. Ra4 Qd3 60. Kf7 Qd7+ 0-1

[Event "Wch U14 Girls rapid"]
[Site "Batumi"]
[Date "2023.06.07"]
[Round "7"]
[White "Khafizova, Diana"]
[Black "Gaszka, Zuzanna"]
[Result "1-0"]
[WhiteElo "1639"]
[BlackElo "1681"]
[PlyCount "65"]
[EventDate "2023.06.06"]
[EventType "swiss (rapid)"]
[EventRounds "11"]
[EventCountry "GEO"]
[SourceTitle "EXT 2024"]
[Source "ChessBase"]
[SourceDate "2023.10.10"]
[SourceVersion "1"]
[SourceVersionDate "2023.10.10"]
[SourceQuality "1"]
[WhiteTeam "FIDE"]
[BlackTeam "Poland"]
[BlackTeamCountry "POL"]

1. d4 Nf6 2. Nf3 g6 3. g3 Bg7 4. Bg2 0-0 5. 0-0 d6 6. c4 Nc6 7. Nc3 Bf5 8. d5 Na5 9. Nd2 c6 10. e4 Bg4 11. Qc2 cxd5 12. cxd5 Rc8 13. Qd3 Nd7 14. f4 b6 15. h3 Nc5 16. Qe3 Bd7 17. e5 Na4 18. Nxa4 Bxa4 19. b3 Bb5 20. Rd1 Nb7 21. Bb2 Nc5 22. Nf3 Bd7 23. Nd4 Qc7 24. Re1 Qb8 25. Rac1 Rfd8 26. Ba1 a5 27. a3 Qa7 28. b4 axb4 29. axb4 Na6 30. e6 fxe6 31. Nxe6 Bxe6 32. Qxe6+ Kh8 33. Rxc8 1-0

[Event "Wch U14 Girls rapid"]
[Site "Batumi"]
[Date "2023.06.07"]
[Round "4"]
[White "Mai, Hieu Linh"]
[Black "Khafizova, Diana"]
[Result "1-0"]
[WhiteElo "1545"]
[BlackElo "1639"]
[PlyCount "119"]
[EventDate "2023.06.06"]
[EventType "swiss (rapid)"]
[EventRounds "11"]
[EventCountry "GEO"]
[SourceTitle "EXT 2024"]
[Source "ChessBase"]
[SourceDate "2023.10.10"]
[SourceVersion "1"]
[SourceVersionDate "2023.10.10"]
[SourceQuality "1"]
[WhiteTeam "Vietnam"]
[BlackTeam "FIDE"]
[WhiteTeamCountry "VIE"]

1. e4 c6 2. d4 d5 3. exd5 cxd5 4. Bd3 Nc6 5. c3 Nf6 6. h3 g6 7. Qc2 Bg7 8. Nf3 0-0 9. 0-0 Bd7 10. Bf4 Rc8 11. a3 Nh5 12. Be3 Na5 13. Nbd2 f5 14. b4 Nc4 15. Nxc4 dxc4 16. Qa2 Be6 17. Bc2 f4 18. Bd2 Qd5 19. Rae1 Bf6 20. Be4 Qd7 21. Kh2 Rfe8 22. Bxb7 Qxb7 23. Rxe6 Qd5 24. Rfe1 Ng7 25. R6e4 g5 26. Ne5 Nf5 27. Ng4 Bg7 28. Qc2 Nh4 29. f3 Qf5 30. Qa4 e6 31. R1e2 Re7 32. Qa6 Rce8 33. Qxc4 h5 34. Ne5 Bxe5 35. Rxe5 Qf6 36. d5 Ng6 37. Rxe6 Rxe6 38. Rxe6 Rxe6 39. dxe6 Qe7 40. Qc8+ Nf8 41. c4 Qxe6 42. Qxe6+ Nxe6 43. Bc3 Kf7 44. Kg1 Nc7 45. Kf2 Ke6 46. Ke2 Ne8 47. Kd3 Nd6 48. c5 Nf5 49. Be1 Kd5 50. Bf2 a6 51. a4 Ne7 52. b5 axb5 53. axb5 Ng6 54. Bd4 Nh4 55. c6 Kd6 56. Bf6 Nxg2 57. Bxg5 Kc7 58. Ke4 Ne1 59. Bxf4+ Kc8 60. b6 1-0

[Event "EU-ch Hybrid U12 Girls"]
[Site "Tornelo INT"]
[Date "2021.10.15"]
[Round "3"]
[White "Sekova, Olivia"]
[Black "Khafizova, Diana"]
[Result "0-1"]
[WhiteElo "1536"]
[BlackElo "1309"]
[PlyCount "96"]
[EventDate "2021.10.15"]
[EventType "swiss"]
[EventRounds "9"]
[EventCountry "NET"]
[SourceTitle "EXT 2023"]
[Source "ChessBase"]
[SourceDate "2022.10.05"]
[SourceVersion "1"]
[SourceVersionDate "2022.10.05"]
[SourceQuality "1"]
[WhiteTeam "Slovakia"]
[BlackTeam "Russia"]
[WhiteTeamCountry "SVK"]
[BlackTeamCountry "RUS"]

1. e4 c6 2. Nf3 d5 3. Nc3 dxe4 4. Nxe4 Nd7 5. Qe2 Qc7 6. d4 Ngf6 7. Nxf6+ Nxf6 8. g3 Bg4 9. Bg2 e6 10. 0-0 Bd6 11. b3 0-0 12. Bg5 Nd7 13. c4 h6 14. Bd2 Rfe8 15. c5 Bf8 16. Bf4 e5 17. dxe5 g5 18. Be3 Bxc5 19. Bxc5 Nxc5 20. Rfe1 Nd7 21. Qc4 Bxf3 22. Bxf3 Nxe5 23. Qc3 Nxf3+ 24. Qxf3 Re5 25. Qf6 Rae8 26. Red1 R5e6 27. Qf5 Qe7 28. Rac1 Rf6 29. Qd7 b6 30. Qd4 c5 31. Qd5 Qe2 32. Rd2 Qe5 33. Qb7 Qe7 34. Qd5 Re6 35. Rdd1 Re2 36. Qf5 Qe6 37. Qxe6 R8xe6 38. a3 Ra2 39. b4 Ree2 40. bxc5 bxc5 41. Rd7 Rxf2 42. Rxa7 Rg2+ 43. Kf1 Rxh2 44. Kg1 Rhg2+ 45. Kf1 Rxg3 46. Rxc5 Rgxa3 47. Rxa3 Rxa3 48. Kg2 Kg7 0-1